[Event "GER-chT U14"]
[Site "Magdeburg"]
[Date "2019.12.27"]
[Round "2.2"]
[White "Heutling, Elina"]
[Black "Walders, Marc"]
[Result "1-0"]
[WhiteElo "1796"]
[BlackElo "1819"]
[PlyCount "67"]
[EventDate "2019.12.27"]
[EventType "team-swiss"]
[EventRounds "7"]
[EventCountry "GER"]
[SourceTitle "CBM 194 Extra"]
[Source "ChessBase"]
[SourceDate "2020.03.31"]
[SourceVersion "1"]
[SourceVersionDate "2020.03.31"]
[SourceQuality "1"]
[WhiteTeam "Magdeburg Schachzwerge"]
[BlackTeam "Erlangen"]
[WhiteTeamCountry "GER"]
[BlackTeamCountry "GER"]

1. e4 e6 2. d4 d5 3. Nd2 Nf6 4. e5 Nfd7 5. Bd3 c5 6. c3 Nc6 7. Ne2 cxd4 8. cxd4 f6 9. exf6 Nxf6 10. 0-0 Bd6 11. Nf3 0-0 12. Bf4 Bxf4 13. Nxf4 Qd6 14. Ne2 Ng4 15. Ng3 h6 16. h3 Nf6 17. Re1 Bd7 18. Qe2 Kh8 19. Rad1 Qb4 20. a3 Qb6 21. Bb1 Rac8 22. Ne5 Nxe5 23. dxe5 Bb5 24. Qd2 Nd7 25. Re3 Rf4 26. Rb3 Rcf8 27. Qc2 R4f5 28. Nxf5 Rxf5 29. g4 Ba4 30. gxf5 Bxb3 31. Qc8+ Kh7 32. f6+ g6 33. Qxd7+ Kg8 34. Qg7# 1-0

[Event "Nuremberg Zabo op 20th"]
[Site "Nuremberg"]
[Date "2018.09.15"]
[Round "2"]
[White "Albayrak, Berrak"]
[Black "Walders, Marc"]
[Result "1-0"]
[WhiteElo "1562"]
[BlackElo "1230"]
[PlyCount "57"]
[EventDate "2018.09.15"]
[EventType "swiss"]
[EventRounds "5"]
[EventCountry "GER"]
[SourceTitle "EXT 2020"]
[Source "ChessBase"]
[SourceDate "2019.10.17"]
[SourceVersion "1"]
[SourceVersionDate "2019.10.17"]
[SourceQuality "1"]

1. e4 e6 2. d4 d5 3. exd5 exd5 4. Bd3 Nc6 5. c3 Bd6 6. Qe2+ Be6 7. Nf3 h6 8. h3 Qd7 9. Be3 Nge7 10. Qd2 0-0-0 11. b4 Nf5 12. Bf4 g5 13. Bxd6 Qxd6 14. Na3 a6 15. Nc2 Rdg8 16. g4 Ng7 17. 0-0-0 f6 18. Rdg1 Re8 19. h4 Nb8 20. hxg5 hxg5 21. Rxh8 Rxh8 22. Bg6 Nd7 23. Ne3 Qf4 24. Ne1 Rh6 25. Bd3 Rh2 26. N1g2 Bxg4 27. Nxf4 gxf4 28. Nxg4 Rh4 29. Qxf4 1-0